000
00377nam a22001457a 4500
008
230301b |||||||| |||| 00| 0 eng d
020
_a
978-0-241-50280-8
082
_a
813.54
100
_a
Ayanna Lloyd Banwo
245
_a
When we were birds
260
_b
Hamish Hamilton,
_c
2022
300
_a
278 p.
_c
23.5 cm
942
_2
ddc
999
_c
9393
_d
9394